| 000 | 00601nam a2200205 a 4500 | ||
|---|---|---|---|
| 005 | 20140310183543.0 | ||
| 008 | 111001s19uu xx 00 eng d | ||
| 020 | _a9789718171301 | ||
| 050 |
_aQA 154.3 _b.H557 2007 |
||
| 100 | _aHernandez, Rogelio | ||
| 245 |
_aCollege algebra for nursing and allied medical programs / _cRogelio M. Hernandez et al. |
||
| 260 |
_aSta. Cruz, Manila : _bBooklore Publishing, _c2007. |
||
| 300 |
_a197 p. : _c23 cm. |
||
| 521 | _aNUR | ||
| 650 | _aAlgebra | ||
| 700 | _aDu, Greynor | ||
| 700 | _aNavarrete, Angelica | ||
| 942 |
_cBK _2lcc _kLOC |
||
| 999 |
_c24825 _d24825 |
||